000 00296nam a2200109Ia 4500
008 230907s9999||||xx |||||||||||||| ||und||
082 _a332.091767
_bALR
100 _aAlrifai, Tariq.
_9115852
245 0 _aIslamic finance and the new financial system :
300 _axi, 235 pages ;
942 _cBK
999 _c599974
_d599974